[Event "VII Miedzynarodowy Festiwal Szachowy - O"]
[Site "Ostroda"]
[Date "2010.08.05"]
[Round "6.7"]
[White "Renkowski, Piotr"]
[Black "Jozwik, Rafal"]
[Result "1/2-1/2"]
[WhiteElo "1931"]
[BlackElo "2069"]
[PlyCount "24"]
[EventDate "2010.??.??"]

1. e4 e6 2. d4 d5 3. Nd2 Nf6 4. e5 Nfd7 5. Bd3 c5 6. c3 Nc6 7. Ndf3 Qb6 8. Ne2
Be7 9. O-O O-O 10. Nf4 g6 11. Bc2 cxd4 12. cxd4 Nd8 1/2-1/2

[Event "VII Miedzynarodowy Festiwal Szachowy - O"]
[Site "Ostroda"]
[Date "2010.08.05"]
[Round "6.8"]
[White "Puczylowski, Marcin"]
[Black "Gajek, Radoslaw"]
[Result "0-1"]
[WhiteElo "2034"]
[BlackElo "1843"]
[PlyCount "74"]
[EventDate "2010.??.??"]

1. e4 c5 2. c3 Nf6 3. e5 Nd5 4. d4 cxd4 5. cxd4 e6 6. Nc3 Nxc3 7. bxc3 Qc7 8.
Bd2 d6 9. f4 Nc6 10. Nf3 Be7 11. Bd3 b6 12. O-O Bb7 13. a4 Rc8 14. f5 dxe5 15.
fxe6 f6 16. d5 Na5 17. Bb5+ Kf8 18. Be1 Qc5+ 19. Kh1 Qxd5 20. Qe2 Nc4 21. Rd1
Qe4 22. Bxc4 Rxc4 23. Qxe4 Rxe4 24. Rd7 Bc6 25. Rxa7 Rxa4 26. Rc7 Be8 27. Nxe5
Bd6 28. Nd7+ Ke7 29. Rb7 Kxe6 30. Nxb6 Rg4 31. Rf2 Bc6 32. Re2+ Kf5 33. Ra7 Re8
34. Rxe8 Bxg2+ 35. Kg1 Bc5+ 36. Bf2 Bh3+ 37. Kh1 Bxf2 0-1

[Event "VII Miedzynarodowy Festiwal Szachowy - O"]
[Site "Ostroda"]
[Date "2010.08.05"]
[Round "6.9"]
[White "Pirou, David"]
[Black "Kuban, Wieslaw"]
[Result "1-0"]
[WhiteElo "1995"]
[BlackElo "1775"]
[PlyCount "50"]
[EventDate "2010.??.??"]

1. Nf3 d5 2. c4 dxc4 3. Na3 Nc6 4. Nxc4 Bf5 5. Qb3 Rb8 6. g3 g6 7. Bg2 Bg7 8.
d3 e5 9. Ng5 Nd4 10. Nd6+ Qxd6 11. Qxf7+ Kd8 12. Qxg7 Qf6 13. Nf7+ Ke8 14. Qxh8
Qxh8 15. Nxh8 Nc2+ 16. Kd1 Nxa1 17. b4 Be6 18. Bb2 Bxa2 19. Bxa1 Ke7 20. Bxe5
Nf6 21. Nxg6+ hxg6 22. Kd2 Rd8 23. Ra1 Bd5 24. Bxf6+ Kxf6 25. Bxd5 Rxd5 1-0

[Event "VII Miedzynarodowy Festiwal Szachowy - O"]
[Site "Ostroda"]
[Date "2010.08.05"]
[Round "6.10"]
[White "Wodzynski, Michal"]
[Black "Marchlewicz, Artur"]
[Result "1-0"]
[WhiteElo "1971"]
[BlackElo "1708"]
[PlyCount "52"]
[EventDate "2010.??.??"]

1. e4 c5 2. Nf3 a6 3. Be2 Nf6 4. Nc3 Nc6 5. O-O d6 6. d4 cxd4 7. Nxd4 e5 8.
Nxc6 bxc6 9. f4 exf4 10. Bxf4 Be7 11. Qd3 Bb7 12. Qg3 c5 13. Bf3 Qc7 14. e5
dxe5 15. Bxe5 Qb6 16. Rae1 c4+ 17. Kh1 Bxf3 18. Rxf3 Qc6 19. Bd6 Ra7 20. Bxe7
Rxe7 21. Qb8+ Kd7 22. Qa7+ Kc8 23. Rxe7 Re8 24. Rxe8+ Nxe8 25. Rxf7 g6 26. Re7
Nd6 1-0

[Event "VII Miedzynarodowy Festiwal Szachowy - O"]
[Site "Ostroda"]
[Date "2010.08.05"]
[Round "6.11"]
[White "Dobrowolski, Marcin"]
[Black "Makosa, Angelika"]
[Result "1-0"]
[WhiteElo "1964"]
[BlackElo "1724"]
[PlyCount "45"]
[EventDate "2010.??.??"]

1. d4 Nf6 2. c4 c5 3. d5 b5 4. cxb5 a6 5. b6 Qxb6 6. Nc3 d6 7. e4 g6 8. Nf3 Bg7
9. Be2 O-O 10. Nd2 Nbd7 11. Nc4 Qb8 12. Bg5 Kh8 13. f4 Nb6 14. Na5 Bb7 15. O-O
Re8 16. Bf3 Nfd7 17. e5 Ra7 18. Qb3 Ba8 19. e6 fxe6 20. dxe6 Nf8 21. f5 Bxf3
22. Rxf3 gxf5 23. Nc6 1-0

[Event "VII Miedzynarodowy Festiwal Szachowy - O"]
[Site "Ostroda"]
[Date "2010.08.05"]
[Round "6.12"]
[White "Maruszczak, Joanna"]
[Black "Le Masle, Raphael"]
[Result "1/2-1/2"]
[WhiteElo "1643"]
[BlackElo "2128"]
[PlyCount "68"]
[EventDate "2010.??.??"]

1. e4 c5 2. Nf3 e6 3. d4 cxd4 4. Nxd4 a6 5. Bd3 Qc7 6. O-O Nf6 7. c4 Nc6 8.
Nxc6 dxc6 9. Nc3 Bc5 10. b3 e5 11. Bb2 Bd4 12. Qc2 O-O 13. Ne2 Bxb2 14. Qxb2
Be6 15. Rad1 a5 16. a3 Qb6 17. Ng3 Rfd8 18. Be2 c5 19. Qxe5 Qxb3 20. Qxc5 Rdc8
21. Qe7 Re8 22. Qc5 b6 23. Qb5 Qxa3 24. Qxb6 Rec8 25. Ra1 Qc5 26. Qxc5 Rxc5 27.
Rfc1 Ne8 28. Nf1 Nd6 29. Nd2 Rac8 30. Nb3 R5c7 31. Nxa5 Nxe4 32. Nb3 Kf8 33. f3
Nd6 34. Nd2 Nxc4 1/2-1/2

[Event "VII Miedzynarodowy Festiwal Szachowy - O"]
[Site "Ostroda"]
[Date "2010.08.05"]
[Round "6.13"]
[White "Zwara, Szymon"]
[Black "Zurkowski, Andrzej"]
[Result "0-1"]
[WhiteElo "1615"]
[BlackElo "2175"]
[PlyCount "114"]
[EventDate "2010.??.??"]

1. d4 d6 2. c4 c6 3. Nc3 Nf6 4. e4 Qc7 5. Nf3 e5 6. d5 Bg4 7. Be2 Nbd7 8. O-O
Be7 9. Be3 O-O 10. h3 Bh5 11. Rc1 Bg6 12. Qc2 Rfc8 13. Rfd1 Nf8 14. Bd3 Nh5 15.
b4 a6 16. c5 Rd8 17. Na4 cxd5 18. exd5 Re8 19. Nb6 Rad8 20. Nxe5 dxe5 21. Bxg6
Nxg6 22. d6 Qc6 23. dxe7 Nxe7 24. Qe2 Nf6 25. Rd2 Rxd2 26. Qxd2 Nf5 27. Bg5 Ne4
28. Qd3 Nd4 29. Be3 Rd8 30. Qc4 Qg6 31. Nd5 Qh5 32. Bxd4 exd4 33. Re1 Qxd5 34.
Qxd5 Rxd5 35. Rxe4 f5 36. Re2 d3 37. Rd2 Kf7 38. a3 Rd4 39. g3 Ke6 40. f3 Kd5
41. Kf2 g5 42. Rd1 Kc4 43. Ke3 Rd7 44. Kd2 Re7 45. Rc1+ Kd4 46. c6 bxc6 47.
Rxc6 Re2+ 48. Kd1 Ke3 49. Rxa6 Ra2 50. Re6+ Kxf3 51. Re5 f4 52. gxf4 gxf4 53.
b5 Rxa3 54. Kd2 Rb3 55. Rh5 Kg2 56. b6 Rxb6 57. Kxd3 Rg6 0-1

[Event "VII Miedzynarodowy Festiwal Szachowy - O"]
[Site "Ostroda"]
[Date "2010.08.05"]
[Round "6.14"]
[White "Moszczenski, Milosz"]
[Black "Siwon, Zbigniew"]
[Result "0-1"]
[WhiteElo "1529"]
[BlackElo "1854"]
[PlyCount "38"]
[EventDate "2010.??.??"]

1. d4 d5 2. c4 c6 3. Nf3 Nf6 4. Nc3 dxc4 5. a4 Bg4 6. Ne5 Bh5 7. f3 Nbd7 8.
Nxc4 e6 9. e4 b5 10. axb5 cxb5 11. Nxb5 Nxe4 12. Qe2 Bb4+ 13. Bd2 Nxd2 14. Nxd2
O-O 15. Qe3 e5 16. Be2 exd4 17. Nxd4 Re8 18. Qd3 Nc5 19. Qc4 Bxd2+ 0-1

[Event "VII Miedzynarodowy Festiwal Szachowy - O"]
[Site "Ostroda"]
[Date "2010.08.05"]
[Round "6.15"]
[White "Ciesielski, Tomasz"]
[Black "Olchowko, Blazej"]
[Result "1-0"]
[WhiteElo "1839"]
[BlackElo "1754"]
[PlyCount "91"]
[EventDate "2010.??.??"]

1. e4 e6 2. d3 d5 3. e5 c5 4. f4 Nc6 5. Nf3 Nge7 6. g3 b6 7. Bg2 Bb7 8. O-O g6
9. Be3 Nf5 10. Bf2 Be7 11. Nc3 h5 12. Qd2 Qd7 13. Ne2 O-O-O 14. c3 Rdg8 15. d4
Qd8 16. Ng5 Rg7 17. Rfd1 Ba6 18. Rac1 cxd4 19. Nxd4 Ncxd4 20. cxd4+ Kb8 21. Bf1
Bxf1 22. Rxf1 Qd7 23. Qd3 f6 24. exf6 Bxf6 25. Rfe1 Bxg5 26. fxg5 Nd6 27. Be3
Ne4 28. Bf4+ Nd6 29. Be5 Rhg8 30. Qa3 Rd8 31. Bxg7 Qxg7 32. Qd3 Ne4 33. h4 Qf8
34. Rf1 Qd6 35. Kg2 e5 36. Rf3 Qe7 37. Rcf1 Nxg5 38. hxg5 e4 39. Re3 Qxg5 40.
Qe2 h4 41. g4 Rh8 42. Kh3 Qe7 43. Qf2 Qb4 44. Qf6 Rc8 45. Qe5+ Ka8 46. Qxd5+
1-0

[Event "VII Miedzynarodowy Festiwal Szachowy - O"]
[Site "Ostroda"]
[Date "2010.08.05"]
[Round "6.16"]
[White "Opalinski, Sebastian"]
[Black "Tarczykowska, Monika"]
[Result "1-0"]
[WhiteElo "1807"]
[BlackElo "1656"]
[PlyCount "45"]
[EventDate "2010.??.??"]

1. c4 g6 2. d4 c5 3. e3 Bg7 4. Nf3 cxd4 5. exd4 d5 6. Nc3 Nf6 7. Be2 O-O 8. O-O
Nc6 9. Be3 Bg4 10. Rc1 e6 11. Ne5 Bxe2 12. Qxe2 Rc8 13. Rfd1 dxc4 14. Nxc4 Nd5
15. Ne4 a6 16. Ncd6 Rc7 17. Nxb7 Rxb7 18. Rxc6 Nxe3 19. fxe3 a5 20. b3 Qd5 21.
Qf3 Kh8 22. Rdc1 a4 23. Nc5 1-0

[Event "VII Miedzynarodowy Festiwal Szachowy - O"]
[Site "Ostroda"]
[Date "2010.08.05"]
[Round "6.19"]
[White "Pycka, Zbigniew"]
[Black "Szymanowski, Mateusz"]
[Result "0-1"]
[WhiteElo "1929"]
[BlackElo "1705"]
[PlyCount "76"]
[EventDate "2010.??.??"]

1. Nf3 d5 2. c4 e6 3. g3 Nf6 4. Bg2 Be7 5. b3 O-O 6. Bb2 c5 7. O-O Nc6 8. d3 d4
9. Na3 e5 10. Nc2 Nh5 11. e3 g6 12. exd4 exd4 13. Bc1 Bf6 14. Bh6 Bg7 15. Qd2
Bf5 16. Bxg7 Nxg7 17. a3 a5 18. Rfe1 Qb6 19. Rab1 Rfe8 20. Ng5 Rxe1+ 21. Nxe1
Ne5 22. Ne4 Re8 23. h3 Bxe4 24. Bxe4 Nxc4 25. Qc1 Nd6 26. Bd5 Re5 27. Bg2 Nb5
28. Nf3 Re8 29. b4 Nc3 30. Rb2 Ne2+ 31. Rxe2 Rxe2 32. g4 axb4 33. axb4 Qxb4 34.
Qh6 Ne6 35. Ng5 Nxg5 36. Qxg5 Qe1+ 37. Kh2 Qxf2 38. Qd5 Qf4+ 0-1

[Event "VII Miedzynarodowy Festiwal Szachowy - O"]
[Site "Ostroda"]
[Date "2010.08.05"]
[Round "6.20"]
[White "Milkowska, Ernesta"]
[Black "Wodzynska, Zofia"]
[Result "1-0"]
[WhiteElo "1861"]
[BlackElo "1567"]
[PlyCount "98"]
[EventDate "2010.??.??"]

1. c4 e5 2. g3 f5 3. Bg2 Nf6 4. a3 Be7 5. b4 d6 6. Bb2 O-O 7. Nc3 c6 8. d4 e4
9. e3 d5 10. c5 Qe8 11. Nge2 Be6 12. a4 b6 13. O-O Nbd7 14. Ba3 Qh5 15. Nf4
Qxd1 16. Rfxd1 Bf7 17. Rdc1 bxc5 18. bxc5 a5 19. Bf1 g5 20. Ng2 Kh8 21. Rab1
Rfb8 22. Rxb8+ Rxb8 23. Rb1 Rxb1 24. Nxb1 Nb8 25. Nd2 Bd8 26. Nb3 Be6 27. Bc1
Bc8 28. Bd2 h6 29. Ne1 Kg7 30. Nc2 Kf7 31. Nxa5 Ke7 32. Nb3 Ne8 33. Be2 g4 34.
Kf1 Kd7 35. Ke1 Nc7 36. Ba5 Nca6 37. Bb6 Ke7 38. Kd2 h5 39. Kc3 Kd7 40. Ne1 Bg5
41. Bf1 Bb7 42. h4 Bh6 43. Nc2 Bg7 44. Nc1 Bc8 45. Na2 Bf6 46. Nab4 Bd8 47.
Bxd8 Kxd8 48. Ne1 Nc7 49. Ng2 Ne6 1-0

[Event "VII Miedzynarodowy Festiwal Szachowy - O"]
[Site "Ostroda"]
[Date "2010.08.05"]
[Round "6.21"]
[White "Jubin, Thierry"]
[Black "Szymanowski, Igor"]
[Result "1-0"]
[WhiteElo "1846"]
[BlackElo "1395"]
[PlyCount "81"]
[EventDate "2010.??.??"]

1. b3 e5 2. Bb2 Nc6 3. e3 Nf6 4. Bb5 d6 5. d4 exd4 6. exd4 Bd7 7. Nf3 Be7 8.
O-O O-O 9. Re1 a6 10. Bd3 Nb4 11. Be2 Bf5 12. Na3 Nbd5 13. Bd3 Bxd3 14. Qxd3
Nf4 15. Qd2 Ng6 16. d5 Qd7 17. h3 c6 18. dxc6 bxc6 19. c4 Rfe8 20. Nc2 Nh5 21.
Ne3 Ngf4 22. Ng4 Qf5 23. Nd4 Qd3 24. Rad1 Qxd2 25. Rxd2 Bg5 26. Ne3 Bf6 27.
Red1 Bxd4 28. Bxd4 d5 29. cxd5 cxd5 30. Bb2 Rad8 31. Kh2 h6 32. g3 Ng6 33. Rxd5
Rxd5 34. Rxd5 Nf6 35. Bxf6 gxf6 36. Rd6 Re6 37. Rd8+ Kh7 38. Ra8 Ne5 39. Kg2
Nd3 40. Ra7 Kg8 41. Rc7 1-0

[Event "VII Miedzynarodowy Festiwal Szachowy - O"]
[Site "Ostroda"]
[Date "2010.08.05"]
[Round "6.22"]
[White "Janik, Igor"]
[Black "Wodzynski, Mieszko"]
[Result "1/2-1/2"]
[WhiteElo "1586"]
[BlackElo "1796"]
[PlyCount "62"]
[EventDate "2010.??.??"]

1. e4 e5 2. Nf3 Nc6 3. Bc4 Nf6 4. d3 Bc5 5. c3 d6 6. O-O Bg4 7. Nbd2 Qd7 8. Re1
O-O-O 9. b4 Bb6 10. a4 a5 11. b5 Ne7 12. Bxf7 Rhf8 13. Qb3 Kb8 14. h3 Bxh3 15.
Ng5 Bg4 16. Nc4 Bxf2+ 17. Kxf2 h6 18. Nf3 Bxf3 19. gxf3 Qh3 20. Nxa5 d5 21.
Nc6+ Nxc6 22. bxc6 b6 23. Ke2 Rxf7 24. Be3 Qg2+ 25. Kd1 dxe4 26. d4 exd4 27.
Bxd4 Qxf3+ 28. Kc2 Qd3+ 29. Kb2 Nd5 30. Rad1 Qa6 31. Rxe4 Rf4 1/2-1/2

[Event "VII Miedzynarodowy Festiwal Szachowy - O"]
[Site "Ostroda"]
[Date "2010.08.05"]
[Round "6.25"]
[White "Kotlewski, Lukasz"]
[Black "Wiechowski, Lukasz"]
[Result "1-0"]
[WhiteElo "1657"]
[BlackElo "1832"]
[PlyCount "65"]
[EventDate "2010.??.??"]

1. e4 d6 2. d4 Nf6 3. Nc3 g6 4. Nf3 Bg7 5. Be3 O-O 6. Be2 Bg4 7. h3 Bxf3 8.
Bxf3 Nbd7 9. Qd2 c6 10. Bh6 Qc7 11. Bxg7 Kxg7 12. h4 b5 13. h5 Rh8 14. Ne2 Rac8
15. Ng3 c5 16. d5 b4 17. c4 bxc3 18. Qxc3 Qb6 19. Be2 Rb8 20. hxg6 hxg6 21.
Nf5+ Kg8 22. Nxe7+ Kg7 23. Rxh8 Rxh8 24. O-O-O Re8 25. Nc6 Rxe4 26. Bf3 Re8 27.
g4 Ne5 28. g5 Nfd7 29. Bg2 Kf8 30. f4 Nxc6 31. dxc6 Re2 32. cxd7 Rxg2 33. Qh8+
1-0

[Event "VII Miedzynarodowy Festiwal Szachowy - O"]
[Site "Ostroda"]
[Date "2010.08.05"]
[Round "6.26"]
[White "Murawski, Jacek"]
[Black "Grenda, Wojciech"]
[Result "1-0"]
[WhiteElo "1600"]
[BlackElo "1545"]
[PlyCount "60"]
[EventDate "2010.??.??"]

1. d4 e6 2. c4 f5 3. Nf3 Nf6 4. Bf4 d5 5. e3 Be7 6. Nbd2 O-O 7. Rc1 Ne4 8. Be2
Nd7 9. O-O g5 10. Be5 g4 11. Ne1 Nxe5 12. dxe5 c6 13. cxd5 Nxd2 14. Qxd2 exd5
15. Nd3 Kh8 16. Nf4 Bg5 17. Qd4 Bxf4 18. exf4 Be6 19. f3 h5 20. Rc3 Qb6 21.
Qxb6 axb6 22. a3 Kg7 23. fxg4 hxg4 24. h3 gxh3 25. Rxh3 Rh8 26. Rff3 Rag8 27.
Rfg3+ Kf8 28. Rxg8+ Kxg8 29. Rb3 Rh7 30. Rxb6 Kf8 1-0

[Event "VII Miedzynarodowy Festiwal Szachowy - O"]
[Site "Ostroda"]
[Date "2010.08.06"]
[Round "7.1"]
[White "Malczyk, Rafal"]
[Black "Mista, Aleksander"]
[Result "0-1"]
[WhiteElo "2103"]
[BlackElo "2562"]
[PlyCount "110"]
[EventDate "2010.??.??"]

1. d4 g6 2. c4 Bg7 3. Nf3 d6 4. Nc3 Nf6 5. e4 O-O 6. Be2 Nbd7 7. O-O e5 8. dxe5
dxe5 9. Bg5 c6 10. Qc2 Qc7 11. h3 Nc5 12. b4 Ne6 13. Be3 Nh5 14. Rfd1 a5 15. b5
h6 16. bxc6 bxc6 17. Rab1 c5 18. Nd5 Qa7 19. Rb6 Nhf4 20. Rdb1 Nxe2+ 21. Qxe2
Ba6 22. Nd2 Rab8 23. Rxb8 Rxb8 24. Rxb8+ Qxb8 25. Nb3 Bf8 26. Nf6+ Kg7 27. Nd7
Qc7 28. Qd2 Be7 29. Qxa5 Qxd7 30. Qxa6 Qd1+ 31. Kh2 Nf4 32. Bxf4 exf4 33. Qa7
Qd6 34. Kg1 Qd1+ 35. Kh2 Qd6 36. Kg1 h5 37. Qa5 Qd1+ 38. Kh2 Qf1 39. Qc3+ Bf6
40. e5 Bh4 41. e6+ f6 42. Qc1 Qxf2 43. Qg1 Qg3+ 44. Kh1 f3 45. Nd2 f2 46. Qb1
Qe3 47. Nf1 Qxe6 48. Qd3 Qe1 49. Kh2 f5 50. g3 Bf6 51. Qd7+ Kh6 52. Qd2+ g5 53.
Qd6 Kg7 54. Qd3 Qe6 55. Ne3 Qxe3 0-1

[Event "VII Miedzynarodowy Festiwal Szachowy - O"]
[Site "Ostroda"]
[Date "2010.08.06"]
[Round "7.2"]
[White "Kuzmicz, Krystian"]
[Black "Reza, Wojciech"]
[Result "1-0"]
[WhiteElo "2417"]
[BlackElo "1940"]
[PlyCount "59"]
[EventDate "2010.??.??"]

1. e4 c5 2. Nf3 e6 3. d4 cxd4 4. Nxd4 Nf6 5. Nc3 Bb4 6. e5 Nd5 7. Bd2 Nxc3 8.
bxc3 Be7 9. Qg4 g6 10. Bh6 Qc7 11. Qg3 a6 12. Be2 Nc6 13. O-O Bf8 14. Bxf8 Kxf8
15. Nxc6 dxc6 16. Qg5 h6 17. Qf6 Rg8 18. Rad1 Bd7 19. Rd6 Re8 20. Rfd1 Re7 21.
R1d3 Ke8 22. Rh3 h5 23. g4 Qa5 24. Rhd3 Rf8 25. gxh5 gxh5 26. Qg7 h4 27. Rxd7
Rxd7 28. Rxd7 Kxd7 29. Qxf8 Qd8 30. Qxf7+ 1-0

[Event "VII Miedzynarodowy Festiwal Szachowy - O"]
[Site "Ostroda"]
[Date "2010.08.06"]
[Round "7.3"]
[White "Malczyk, Jakub"]
[Black "Budrewicz, Krzysztof"]
[Result "0-1"]
[WhiteElo "2065"]
[BlackElo "2269"]
[PlyCount "90"]
[EventDate "2010.??.??"]

1. e4 g6 2. d4 Bg7 3. c3 d5 4. exd5 Nf6 5. Nf3 O-O 6. Bc4 Nxd5 7. O-O Nc6 8.
Bg5 h6 9. Bh4 Nb6 10. Bb3 Bf5 11. Nbd2 Qd7 12. Re1 Rfe8 13. Nc4 Nxc4 14. Bxc4
Na5 15. Bf1 g5 16. Bg3 f6 17. b4 Nc6 18. Bc4+ Kh8 19. d5 Nd8 20. Nd4 c6 21.
Nxf5 Qxf5 22. Qh5 Rf8 23. Rad1 Qd7 24. dxc6 Qxc6 25. Bd3 f5 26. Be5 Bxe5 27.
Rxe5 Rf6 28. Rxf5 Nf7 29. Rxf6 Qxf6 30. Bg6 Rf8 31. h3 Kg7 32. Bxf7 Rxf7 33.
Qe2 Qxc3 34. Qd2 Qxd2 35. Rxd2 e6 36. f3 Kf6 37. Kf2 Rc7 38. a3 h5 39. h4 gxh4
40. b5 b6 41. Rd4 Rc2+ 42. Kg1 h3 43. gxh3 Rc3 44. Ra4 Rxf3 45. Kg2 Rb3 0-1

[Event "VII Miedzynarodowy Festiwal Szachowy - O"]
[Site "Ostroda"]
[Date "2010.08.06"]
[Round "7.4"]
[White "Pirou, David"]
[Black "Bodenez, Vincent"]
[Result "1/2-1/2"]
[WhiteElo "1995"]
[BlackElo "2177"]
[PlyCount "45"]
[EventDate "2010.??.??"]

1. Nf3 f5 2. e4 fxe4 3. Ng5 e5 4. d3 Nf6 5. Nxe4 d5 6. Nxf6+ Qxf6 7. Qh5+ g6 8.
Qg5 Bg7 9. Qxf6 Bxf6 10. Nc3 c6 11. h4 Na6 12. Bd2 Bf5 13. Be2 O-O-O 14. f4
exf4 15. Bxf4 Rde8 16. Kd2 h5 17. Rae1 Nc5 18. Bf3 Rxe1 19. Kxe1 Be6 20. Bg3
Bd4 21. Nd1 Bg4 22. Bf2 Re8+ 23. Kd2 1/2-1/2

[Event "VII Miedzynarodowy Festiwal Szachowy - O"]
[Site "Ostroda"]
[Date "2010.08.06"]
[Round "7.5"]
[White "Plichta, Kamil"]
[Black "Dobrowolski, Marcin"]
[Result "1/2-1/2"]
[WhiteElo "2158"]
[BlackElo "1964"]
[PlyCount "79"]
[EventDate "2010.??.??"]

1. g3 g6 2. Bg2 Bg7 3. d3 d6 4. f4 Nc6 5. Nf3 e5 6. e4 Nge7 7. c3 f5 8. O-O O-O
9. Qb3+ Kh8 10. Ng5 Qe8 11. fxe5 Nxe5 12. d4 Nf7 13. Ne6 Bxe6 14. Qxe6 fxe4 15.
Qxe4 d5 16. Qd3 Qd7 17. Bf4 Rae8 18. Nd2 c6 19. Nf3 Nc8 20. h4 Re7 21. Kh2 Rfe8
22. Rae1 Rxe1 23. Rxe1 Rxe1 24. Nxe1 Qe7 25. Nf3 Ncd6 26. Bh3 Bh6 27. Bxh6 Nxh6
28. Ne5 Nhf7 29. Qf1 Kg7 30. Qf4 Ne4 31. Bc8 Nfd6 32. Bg4 Qf6 33. Qxf6+ Kxf6
34. Kg2 Nf5 35. Bxf5 Kxf5 36. Kf3 h5 37. Nf7 Kf6 38. Ne5 Kf5 39. Nf7 Kf6 40.
Ne5 1/2-1/2

[Event "VII Miedzynarodowy Festiwal Szachowy - O"]
[Site "Ostroda"]
[Date "2010.08.06"]
[Round "7.6"]
[White "Gajek, Radoslaw"]
[Black "Nasuta, Grzegorz"]
[Result "0-1"]
[WhiteElo "1843"]
[BlackElo "2102"]
[PlyCount "66"]
[EventDate "2010.??.??"]

1. e4 c5 2. Nf3 d6 3. d4 cxd4 4. Nxd4 Nf6 5. Nc3 a6 6. Bg5 e6 7. f4 Qc7 8. Bxf6
gxf6 9. Qd2 Nc6 10. O-O-O Bd7 11. f5 Ne5 12. Qf2 Be7 13. Nce2 d5 14. fxe6 fxe6
15. exd5 exd5 16. Nf5 Bc5 17. Qf4 O-O-O 18. Kb1 Rhg8 19. Ned4 Rg4 20. Qh6 Qb6
21. c3 Rg5 22. Qxh7 Ng6 23. Ne3 Rh8 24. Qg7 Re8 25. Nec2 Bg4 26. Nf3 Bf8 27.
Qh7 Re7 28. Nxg5 Rxh7 29. Nxh7 Bxd1 30. Bd3 Bxc2+ 31. Bxc2 Ba3 32. Bb3 Be7 33.
Bxd5 Qe3 0-1

[Event "VII Miedzynarodowy Festiwal Szachowy - O"]
[Site "Ostroda"]
[Date "2010.08.06"]
[Round "7.7"]
[White "Rak, Tomasz"]
[Black "Wodzynski, Michal"]
[Result "0-1"]
[WhiteElo "2093"]
[BlackElo "1971"]
[PlyCount "48"]
[EventDate "2010.??.??"]

1. Nf3 f5 2. d4 g6 3. d5 Nf6 4. c4 Bg7 5. Nc3 O-O 6. Bg5 Ne4 7. Nxe4 fxe4 8.
Nd2 Bxb2 9. Rb1 e3 10. Bxe3 Bg7 11. g3 d6 12. Bg2 Nd7 13. Ne4 Ne5 14. Bd4 e6
15. f4 Ng4 16. Bxg7 Ne3 17. Qd4 Nc2+ 18. Kd2 Nxd4 19. Bxd4 exd5 20. cxd5 c5 21.
Bc3 a6 22. h4 h5 23. Ng5 b5 24. e4 b4 0-1

[Event "VII Miedzynarodowy Festiwal Szachowy - O"]
[Site "Ostroda"]
[Date "2010.08.06"]
[Round "7.9"]
[White "Zurkowski, Andrzej"]
[Black "Ciesielski, Tomasz"]
[Result "1/2-1/2"]
[WhiteElo "2175"]
[BlackElo "1839"]
[PlyCount "23"]
[EventDate "2010.??.??"]

1. d4 d5 2. c4 e6 3. Nc3 c6 4. e3 f5 5. g4 Nf6 6. h3 Be7 7. Bd3 O-O 8. Qc2 Ne4
9. Bd2 Bh4 10. Bxe4 fxe4 11. O-O-O Na6 12. a3 1/2-1/2

[Event "VII Miedzynarodowy Festiwal Szachowy - O"]
[Site "Ostroda"]
[Date "2010.08.06"]
[Round "7.10"]
[White "Jozwik, Rafal"]
[Black "Opalinski, Sebastian"]
[Result "1/2-1/2"]
[WhiteElo "2069"]
[BlackElo "1807"]
[PlyCount "41"]
[EventDate "2010.??.??"]

1. e4 c5 2. c3 Nf6 3. e5 Nd5 4. d4 e6 5. Nf3 Be7 6. Be2 O-O 7. O-O d6 8. Nbd2
Nf4 9. Bc4 d5 10. Bb3 b6 11. Re1 g5 12. Nf1 Ng6 13. Ng3 Nc6 14. h3 Kh8 15. Be3
a6 16. Nh2 cxd4 17. cxd4 f5 18. exf6 Bxf6 19. Ng4 Nf4 20. Nxf6 Qxf6 21. Rc1
1/2-1/2

[Event "VII Miedzynarodowy Festiwal Szachowy - O"]
[Site "Ostroda"]
[Date "2010.08.06"]
[Round "7.11"]
[White "Renkowski, Piotr"]
[Black "Maruszczak, Joanna"]
[Result "1-0"]
[WhiteElo "1931"]
[BlackElo "1643"]
[PlyCount "38"]
[EventDate "2010.??.??"]

1. e4 c5 2. Nf3 g6 3. d4 cxd4 4. Qxd4 Nf6 5. Nc3 Nc6 6. Qd1 Bg7 7. Bc4 O-O 8.
O-O d6 9. h3 Bd7 10. Be3 Rc8 11. Bb3 Na5 12. Qe2 Bc6 13. Bxa7 b6 14. Qe3 Nd7
15. e5 dxe5 16. Rfd1 Qc7 17. Rxd7 Qxd7 18. Bxb6 Nxb3 19. axb3 Qe6 1-0

[Event "VII Miedzynarodowy Festiwal Szachowy - O"]
[Site "Ostroda"]
[Date "2010.08.06"]
[Round "7.14"]
[White "Le Masle, Raphael"]
[Black "Kuban, Wieslaw"]
[Result "1-0"]
[WhiteElo "2128"]
[BlackElo "1775"]
[PlyCount "57"]
[EventDate "2010.??.??"]

1. d4 Nf6 2. c4 g6 3. Nc3 d5 4. cxd5 Nxd5 5. Bd2 e5 6. dxe5 Nc6 7. e4 Nb6 8. f4
Bc5 9. Nf3 O-O 10. Na4 Be7 11. Nxb6 axb6 12. Bc4 Nd4 13. Bc3 Ne6 14. Qc1 Bd7
15. O-O b5 16. Bxe6 Bxe6 17. b4 Ra4 18. a3 c5 19. Qe1 Bc4 20. Rf2 Qb6 21. f5
Rfa8 22. e6 f6 23. e5 cxb4 24. Bd4 Bc5 25. Bxc5 Qxc5 26. exf6 Rxa3 27. Rxa3
Rxa3 28. fxg6 hxg6 29. f7+ 1-0

[Event "VII Miedzynarodowy Festiwal Szachowy - O"]
[Site "Ostroda"]
[Date "2010.08.06"]
[Round "7.15"]
[White "Makosa, Angelika"]
[Black "Puczylowski, Marcin"]
[Result "0-1"]
[WhiteElo "1724"]
[BlackElo "2034"]
[PlyCount "26"]
[EventDate "2010.??.??"]

1. e4 c5 2. Nc3 Nc6 3. Bc4 e6 4. d3 a6 5. a3 g6 6. f4 Bg7 7. Nf3 Nge7 8. O-O
O-O 9. Qe1 d5 10. Bb3 b5 11. Qh4 c4 12. Ba2 a5 13. Nxb5 Qb6+ 0-1

[Event "VII Miedzynarodowy Festiwal Szachowy - O"]
[Site "Ostroda"]
[Date "2010.08.06"]
[Round "7.16"]
[White "Marchlewicz, Artur"]
[Black "Milkowska, Ernesta"]
[Result "0-1"]
[WhiteElo "1708"]
[BlackElo "1861"]
[PlyCount "56"]
[EventDate "2010.??.??"]

1. e4 c5 2. Nf3 g6 3. d4 cxd4 4. Nxd4 Bg7 5. Nc3 Nc6 6. Be3 Nf6 7. Be2 O-O 8.
Qd2 Re8 9. O-O-O a6 10. h4 e5 11. Nb3 b5 12. h5 b4 13. Nd5 Nxe4 14. Qd3 f5 15.
g4 a5 16. gxf5 gxf5 17. h6 Ba6 18. c4 bxc3 19. Qc2 cxb2+ 20. Kxb2 a4 21. Nc5
Bxe2 22. Qxe2 Rb8+ 23. Ka1 Nxc5 24. hxg7 Nb3+ 25. axb3 axb3 26. Qh5 Qa5+ 27.
Kb2 Qa2+ 28. Kc3 Qc2# 0-1

[Event "VII Miedzynarodowy Festiwal Szachowy - O"]
[Site "Ostroda"]
[Date "2010.08.06"]
[Round "7.17"]
[White "Szymanowski, Mateusz"]
[Black "Jubin, Thierry"]
[Result "1-0"]
[WhiteElo "1705"]
[BlackElo "1846"]
[PlyCount "60"]
[EventDate "2010.??.??"]

1. e4 c6 2. d4 d5 3. f3 e6 4. Nc3 c5 5. Bb5+ Nc6 6. dxc5 d4 7. Bxc6+ bxc6 8.
Na4 Bxc5 9. Nxc5 Qa5+ 10. Qd2 Qxc5 11. Ne2 e5 12. c3 dxc3 13. Nxc3 Ba6 14. Qg5
g6 15. Be3 Qe7 16. Qxe7+ Nxe7 17. O-O-O Bc4 18. Bg5 Ng8 19. Rd6 h6 20. Bh4 Ne7
21. Bf6 Rg8 22. Bxe5 Rd8 23. Rhd1 Rxd6 24. Rxd6 Be6 25. Bd4 g5 26. Bf6 g4 27.
f4 g3 28. h4 Rg4 29. f5 Bd7 30. Rd3 Ng8 1-0

[Event "VII Miedzynarodowy Festiwal Szachowy - O"]
[Site "Ostroda"]
[Date "2010.08.06"]
[Round "7.18"]
[White "Opalinski, Krzysztof"]
[Black "Kotlewski, Lukasz"]
[Result "1/2-1/2"]
[WhiteElo "1805"]
[BlackElo "1657"]
[PlyCount "39"]
[EventDate "2010.??.??"]

1. e4 c5 2. Nc3 d6 3. f4 g6 4. Nf3 Bg7 5. Bc4 Nc6 6. O-O e6 7. Kh1 Nge7 8. a3
O-O 9. Ne2 d5 10. exd5 exd5 11. Ba2 h6 12. d4 c4 13. c3 Re8 14. Bb1 Bf5 15. Ng3
Bxb1 16. Rxb1 Qc8 17. Ne5 Nf5 18. Qf3 Nxg3+ 19. Qxg3 Qf5 20. Be3 1/2-1/2